[Event "I Weekend A"]
[Site "Porto Sant'Elpidio ITA"]
[Date "1998.10.??"]
[Round "?"]
[White "Miandro, Roberto"]
[Black "Giobbi, Costantino"]
[Result "1-0"]
[WhiteElo "1783"]
[BlackElo "1776"]
[PlyCount "115"]
[EventDate "1998.10.17"]

1. c4 c5 2. Nf3 Nc6 3. d4 cxd4 4. Nxd4 Nf6 5. g3 g6 6. Bg2 Bg7 7. O-O O-O 8.
Nc3 Nxd4 9. Qxd4 d6 10. e4 Bd7 11. h3 Bc6 12. Qd3 a6 13. Rb1 Rb8 14. b3 b5 15.
cxb5 Bxb5 16. Nxb5 axb5 17. b4 Nd7 18. Bb2 Bxb2 19. Rxb2 Ne5 20. Qe2 Qd7 21.
Rc2 Rfc8 22. Rfc1 Rc4 23. Rxc4 Nxc4 24. a4 Ne5 25. a5 Nc4 26. Qd3 Qe6 27. Qd4
Qd7 28. Bf1 Ne5 29. Kg2 Qb7 30. Qd5 Qxd5 31. exd5 Rb7 32. f4 Nd7 33. Rc6 Nf6
34. a6 Ra7 35. Rc8+ Kg7 36. Bxb5 Nxd5 37. Rb8 Nxb4 38. Rb7 Ra8 39. a7 Kf6 40.
Bd7 Na6 41. Bc6 Nb4 42. Bf3 e6 43. Rxf7+ Kxf7 44. Bxa8 Na6 45. Bb7 Nc7 46. a8=Q
Nxa8 47. Bxa8 Kf6 48. Kf3 g5 49. fxg5+ Kxg5 50. h4+ Kg6 51. Be4+ Kg7 52. Kf4
Kh6 53. g4 Kg7 54. g5 h6 55. Kg4 d5 56. Bc2 e5 57. Kf5 e4 58. g6 1-0

[Event "I Weekend A"]
[Site "Porto Sant'Elpidio ITA"]
[Date "1998.10.??"]
[Round "?"]
[White "Mircoli, Filippo"]
[Black "Amaranto, Luca"]
[Result "0-1"]
[WhiteElo "1516"]
[BlackElo "1720"]
[PlyCount "62"]
[EventDate "1998.10.17"]

1. e4 Nc6 2. Bb5 Nd4 3. Bc4 e5 4. Nf3 Nxf3+ 5. Qxf3 Nf6 6. d3 Be7 7. Be3 d6 8.
h3 O-O 9. Nd2 Be6 10. Bxe6 fxe6 11. Qg3 Qe8 12. Nf3 Nd7 13. Bh6 Qf7 14. Be3 Bf6
15. O-O-O d5 16. Rhf1 c5 17. Ng5 Qe7 18. Qg4 Rfe8 19. f4 exf4 20. Bxf4 e5 21.
Bd2 d4 22. Qf5 Nf8 23. h4 b5 24. h5 c4 25. Nf3 c3 26. Bg5 Qb4 27. Rde1 Qxb2+
28. Kd1 Qb1+ 29. Bc1 Qxa2 30. Ng5 Bxg5 31. Qxg5 Qe6 0-1

[Event "I Weekend A"]
[Site "Porto Sant'Elpidio ITA"]
[Date "1998.10.??"]
[Round "?"]
[White "Mircoli, Filippo"]
[Black "Bastarelli, Giuseppe"]
[Result "0-1"]
[WhiteElo "1516"]
[BlackElo "1950"]
[PlyCount "87"]
[EventDate "1998.10.17"]

1. e4 c5 2. Nf3 Nc6 3. d4 cxd4 4. Nxd4 Nf6 5. Nc3 e5 6. Ndb5 d6 7. Bg5 a6 8.
Na3 b5 9. Nd5 Be7 10. Bxf6 Bxf6 11. c3 O-O 12. Bd3 Bg5 13. O-O Ne7 14. Nc2 Nxd5
15. exd5 f5 16. Nb4 Kh8 17. f3 Be3+ 18. Kh1 Bb6 19. a4 bxa4 20. Qxa4 a5 21. Nc6
Qe8 22. Qh4 Bd7 23. Bb5 Rf6 24. Ra4 Rh6 25. Qg5 Rh5 26. Qd2 Rxh2+ 27. Kxh2 Qh5+
28. Kg3 f4+ 29. Rxf4 Qg5+ 30. Kh2 exf4 31. Rf2 Qg3+ 32. Kg1 Re8 33. Bd3 Qxf2+
34. Qxf2 Re1+ 35. Bf1 Bxf2+ 36. Kxf2 Rb1 37. Nxa5 Rxb2+ 38. Ke1 Kg8 39. Nc4
Rb1+ 40. Kf2 Bb5 41. Bd3 Rb3 42. Ke2 Bxc4 43. Bxc4 Rxc3 44. Bd3 0-1

[Event "I Weekend A"]
[Site "Porto Sant'Elpidio ITA"]
[Date "1998.10.??"]
[Round "?"]
[White "Mircoli, Filippo"]
[Black "Fedeli, Carlo"]
[Result "1-0"]
[WhiteElo "1516"]
[BlackElo "1600"]
[PlyCount "25"]
[EventDate "1998.10.17"]

1. e4 d6 2. d4 Nf6 3. Nc3 g6 4. Bg5 Bg7 5. Bc4 c6 6. f4 b5 7. Bd3 Qb6 8. Nce2
Ng4 9. f5 Bxd4 10. Nxd4 Nf2 11. Kxf2 Qxd4+ 12. Be3 Qxb2 13. Nf3 1-0

[Event "I Weekend A"]
[Site "Porto Sant'Elpidio ITA"]
[Date "1998.10.??"]
[Round "?"]
[White "Morici, Marco"]
[Black "Fedeli, Carlo"]
[Result "0-1"]
[WhiteElo "1561"]
[BlackElo "1600"]
[PlyCount "75"]
[EventDate "1998.10.17"]

1. e4 c6 2. d4 d5 3. e5 Bf5 4. Nf3 e6 5. Be2 Nd7 6. Nbd2 c5 7. dxc5 Bxc5 8. Nb3
Bb6 9. Bf4 Rc8 10. Nbd4 Bg4 11. c3 a6 12. h3 Bxf3 13. Bxf3 Ne7 14. O-O Ng6 15.
Bh2 Ngxe5 16. Re1 Nxf3+ 17. Nxf3 O-O 18. Bf4 h6 19. Nh2 Bc7 20. Be3 Nf6 21. Ng4
Nxg4 22. Qxg4 Qf6 23. Rad1 Bb8 24. Qb4 b5 25. Qg4 Rc4 26. Rd4 Rfc8 27. Qd1 Be5
28. Rxc4 Rxc4 29. f3 d4 30. cxd4 Bxd4 31. b3 Bxe3+ 32. Rxe3 Qd4 33. Qxd4 Rxd4
34. Re2 Kf8 35. Rc2 a5 36. Kf2 a4 37. Ke2 e5 38. Rc5 0-1

[Event "I Weekend A"]
[Site "Porto Sant'Elpidio ITA"]
[Date "1998.10.??"]
[Round "?"]
[White "Morici, Marco"]
[Black "Giobbi, Costantino"]
[Result "1/2-1/2"]
[WhiteElo "1561"]
[BlackElo "1776"]
[PlyCount "83"]
[EventDate "1998.10.17"]

1. c4 Nf6 2. Nc3 c5 3. Nf3 Nc6 4. d4 cxd4 5. Nxd4 e5 6. Ndb5 d6 7. Nd5 Nxd5 8.
cxd5 Nb8 9. e4 Be7 10. Be2 O-O 11. O-O Nd7 12. Be3 Nc5 13. Bxc5 dxc5 14. d6 Bf6
15. Qd5 Bd7 16. Qxc5 Bxb5 17. Bxb5 a6 18. Ba4 b5 19. Bb3 Rc8 20. Qb4 Rc6 21.
Rfd1 Qd7 22. Rd5 Rd8 23. Rad1 g6 24. a4 Rb6 25. axb5 axb5 26. Qc5 Qc6 27. Qxc6
Rxc6 28. d7 Rc7 29. Kf1 Kf8 30. Rxb5 Rcxd7 31. Rxd7 Rxd7 32. Bd5 Rc7 33. Rb7
Rxb7 34. Bxb7 Bd8 35. Ke2 Bb6 36. f3 Ke7 37. Bd5 f6 38. b4 Kd6 39. Kd3 Bg1 40.
h3 Kc7 41. b5 Kb6 42. Kc4 1/2-1/2

[Event "I Weekend A"]
[Site "Porto Sant'Elpidio ITA"]
[Date "1998.10.??"]
[Round "?"]
[White "Morici, Marco"]
[Black "Graziani, Claudio"]
[Result "0-1"]
[WhiteElo "1561"]
[BlackElo "1600"]
[PlyCount "105"]
[EventDate "1998.10.17"]

1. c4 e5 2. Nc3 Nf6 3. Nf3 Nc6 4. g3 d5 5. cxd5 Nxd5 6. Bg2 Be6 7. O-O Be7 8.
d3 O-O 9. Bd2 f5 10. Nxd5 Bxd5 11. Bc3 Bf6 12. e3 Qe8 13. Ne1 Bxg2 14. Nxg2 Qe6
15. Qc2 g5 16. Rfe1 Rad8 17. b3 Rd7 18. Rad1 h6 19. Qb2 Rfd8 20. d4 Bg7 21. Rd2
Rd5 22. Red1 e4 23. b4 Ne7 24. Qb3 Qf7 25. a4 Ng6 26. Qc2 h5 27. Kh1 Bf8 28. h4
Be7 29. hxg5 Bxg5 30. Rg1 Qf6 31. Qd1 Kf7 32. f4 exf3 33. Qxf3 h4 34. Nf4 hxg3
35. Nxg6 Qxg6 36. Rxg3 Rh8+ 37. Rh2 Rdd8 38. Rgh3 Rxh3 39. Rxh3 Rg8 40. e4 Bf4
41. Qh5 Qxh5 42. Rxh5 fxe4 43. Rf5+ Ke6 44. Rxf4 Kd5 45. Rf7 c6 46. Rxb7 Rg3
47. Be1 Rf3 48. Kg2 Kxd4 49. Bf2+ Kd3 50. Rxa7 Ke2 51. Re7 Rxf2+ 52. Kg1 e3 53.
a5 0-1

[Event "I Weekend A"]
[Site "Porto Sant'Elpidio ITA"]
[Date "1998.10.??"]
[Round "?"]
[White "Morici, Marco"]
[Black "Possanzini, Lorenzo"]
[Result "1-0"]
[WhiteElo "1561"]
[BlackElo "1525"]
[PlyCount "38"]
[EventDate "1998.10.17"]

1. c4 Nf6 2. Nc3 g6 3. e4 d6 4. d4 Bg7 5. Be2 O-O 6. Nf3 Nbd7 7. O-O c5 8. d5
Ng4 9. Ne1 Nh6 10. Bf4 f5 11. Qc2 Ng4 12. exf5 gxf5 13. h3 Nge5 14. Nf3 Nxf3+
15. Bxf3 Ne5 16. Be2 Kh8 17. Rab1 a5 18. b3 Bd7 19. Bh5 Rg8 1-0

[Event "I Weekend A"]
[Site "Porto Sant'Elpidio ITA"]
[Date "1998.10.??"]
[Round "?"]
[White "Possanzini, Lorenzo"]
[Black "Baleani, Emanuele"]
[Result "1/2-1/2"]
[WhiteElo "1525"]
[BlackElo "1524"]
[PlyCount "95"]
[EventDate "1998.10.17"]

1. g3 d5 2. Bg2 Nf6 3. f4 e6 4. Nf3 Nc6 5. O-O Be7 6. a3 O-O 7. b4 b5 8. c3 Bb7
9. d3 Rc8 10. Nbd2 a6 11. Re1 Nb8 12. d4 Nbd7 13. Ne5 Nxe5 14. fxe5 Nd7 15. e4
c6 16. exd5 cxd5 17. Qf3 Qb6 18. Nb3 Rc7 19. Bd2 f6 20. exf6 Bxf6 21. Qe3 Re8
22. Bh3 Nf8 23. Nc5 Bc8 24. a4 Rce7 25. a5 Qc6 26. Qf3 Rf7 27. Qd3 Rfe7 28. g4
e5 29. g5 e4 30. Qg3 Bxh3 31. gxf6 Qxf6 32. Bg5 Qg6 33. Bxe7 Qxg3+ 34. hxg3
Rxe7 35. Re3 Bc8 36. Rf1 Nd7 37. Nxd7 Bxd7 38. Rf4 h5 39. Kf2 Re6 40. Rf5 Rf6
41. Rxf6 gxf6 42. Re1 Kf7 43. Ke3 Kg6 44. Rf1 Kg5 45. Rf4 Be8 46. Kf2 Bd7 47.
Kg2 Be8 48. Rf1 1/2-1/2

[Event "I Weekend A"]
[Site "Porto Sant'Elpidio ITA"]
[Date "1998.10.??"]
[Round "?"]
[White "Possanzini, Lorenzo"]
[Black "Esposito, Salvatore"]
[Result "0-1"]
[WhiteElo "1525"]
[BlackElo "1500"]
[PlyCount "120"]
[EventDate "1998.10.17"]

1. e4 d5 2. exd5 c6 3. dxc6 Nxc6 4. Bc4 e5 5. Nf3 Bg4 6. h3 Bh5 7. d3 Nf6 8.
O-O Be7 9. Be3 O-O 10. c3 a6 11. Bb3 Bxf3 12. Qxf3 Qxd3 13. Nd2 Qg6 14. Rac1 e4
15. Qf4 Rad8 16. Bc2 Nd5 17. Qxe4 Qxe4 18. Nxe4 f5 19. Nc5 Nxe3 20. Bb3+ Kh8
21. Nxb7 Nxf1 22. Nxd8 Rxd8 23. Rxf1 h6 24. Re1 Bc5 25. Ba4 Nb8 26. b4 Bf8 27.
Bc2 g6 28. a4 Bg7 29. c4 Bc3 30. Rb1 Rd2 31. Bd1 Bd4 32. b5 Rxf2 33. Kh1 axb5
34. cxb5 Rf1+ 35. Kh2 Bb6 36. Rc1 Bg1+ 37. Kg3 f4+ 38. Kg4 h5+ 39. Kg5 Be3 40.
Rc8+ Kg7 41. Bf3 Rc1 42. Rxc1 Bxc1 43. a5 Be3 44. a6 Nd7 45. a7 Bxa7 46. Kxf4
Kf6 47. Bc6 Ne5 48. g4 g5+ 49. Kg3 h4+ 50. Kg2 Nxc6 51. bxc6 Ke6 52. Kf3 Kd6
53. Ke4 Kxc6 54. Kf5 Be3 55. Kf6 Bf4 56. Ke7 Kd5 57. Kf6 Ke4 58. Ke6 Kf3 59.
Kf5 Kg3 60. Ke4 Kxh3 0-1

[Event "I Weekend A"]
[Site "Porto Sant'Elpidio ITA"]
[Date "1998.10.??"]
[Round "?"]
[White "Possanzini, Lorenzo"]
[Black "Giobbi, Costantino"]
[Result "0-1"]
[WhiteElo "1525"]
[BlackElo "1776"]
[PlyCount "66"]
[EventDate "1998.10.17"]

1. Nf3 Nf6 2. c4 c5 3. Nc3 e6 4. g3 Nc6 5. Bg2 Be7 6. O-O O-O 7. d3 d5 8. cxd5
Nxd5 9. Nxd5 exd5 10. Bf4 Bf6 11. Qc2 b6 12. a3 Bg4 13. Rad1 Bxf3 14. Bxf3 Nd4
15. Qb1 Nxf3+ 16. exf3 Qd7 17. Kg2 Qf5 18. Rfe1 Rfe8 19. Rd2 g5 20. Rxe8+ Rxe8
21. Be3 d4 22. Qe1 dxe3 23. fxe3 Qe5 24. Re2 Qd5 25. Rd2 g4 26. e4 gxf3+ 27.
Kxf3 Qh5+ 28. Kg2 Bd4 29. Qf1 Re6 30. Qf4 Rf6 31. Qb8+ Kg7 32. Qxa7 Qf3+ 33.
Kh3 Rh6# 0-1

[Event "I Weekend A"]
[Site "Porto Sant'Elpidio ITA"]
[Date "1998.10.??"]
[Round "?"]
[White "Possanzini, Lorenzo"]
[Black "Ragnini, Damiano"]
[Result "1-0"]
[WhiteElo "1525"]
[BlackElo "1470"]
[PlyCount "83"]
[EventDate "1998.10.17"]

1. g3 d5 2. Bg2 Nf6 3. Nf3 g6 4. O-O Bf5 5. d3 Qd7 6. Re1 Bh3 7. Bh1 Nc6 8.
Nbd2 O-O-O 9. c4 d4 10. Ng5 Ne5 11. Ndf3 Nxf3+ 12. Bxf3 e5 13. Qb3 c6 14. Qa4
Kb8 15. Nxh3 Qxh3 16. b4 Ng4 17. Bxg4 Qxg4 18. b5 c5 19. Qc2 h5 20. Kg2 h4 21.
f3 h3+ 22. Kh1 Qf5 23. g4 Qf6 24. Rg1 Bd6 25. Qd2 Qe6 26. Qe1 e4 27. fxe4 Bc7
28. Qf2 f6 29. Bf4 g5 30. Bxc7+ Kxc7 31. Raf1 Rh6 32. Qg3+ Kb6 33. Rf5 Qd6 34.
Qxd6+ Rxd6 35. Rg3 Re6 36. Kg1 Re5 37. Rff3 Kc7 38. Rxh3 Rxh3 39. Rxh3 Re7 40.
Rh6 Kd6 41. Rxf6+ Ke5 42. Rf5+ 1-0

[Event "I Weekend A"]
[Site "Porto Sant'Elpidio ITA"]
[Date "1998.10.??"]
[Round "?"]
[White "Ragnini, Damiano"]
[Black "Baleani, Emanuele"]
[Result "0-1"]
[WhiteElo "1470"]
[BlackElo "1524"]
[PlyCount "112"]
[EventDate "1998.10.17"]

1. e4 c5 2. d4 cxd4 3. Nf3 Nc6 4. Nxd4 e6 5. Nc3 Nf6 6. Bg5 Be7 7. Bc4 Qc7 8.
Ndb5 Qd8 9. Nd6+ Bxd6 10. Qxd6 a6 11. O-O-O Qe7 12. e5 Qxd6 13. Rxd6 Nxe5 14.
Bb3 h6 15. Bxf6 gxf6 16. Ne4 Ke7 17. Rhd1 Rg8 18. g3 b5 19. a3 Ra7 20. Rb6 Bb7
21. Nc5 Bc6 22. Nxa6 Ng4 23. Nb4 Rc7 24. Nxc6+ dxc6 25. a4 Ra8 26. Rd2 Nxh2 27.
c3 bxa4 28. Bc4 a3 29. b4 Nf3 30. Ra2 Ne5 31. Ra6 Rb8 32. Be2 c5 33. b5 c4 34.
f4 Nd3+ 35. Bxd3 cxd3 36. Kd2 Rxb5 37. R2xa3 Rb2+ 38. Kxd3 Rg2 39. g4 Rxg4 40.
Ke4 f5+ 41. Kf3 Rg1 42. Ra7 Rxa7 43. Rxa7+ Kf6 44. c4 Rg8 45. Rc7 h5 46. Rb7 h4
47. Rb1 h3 48. Rh1 Rh8 49. c5 Ke7 50. Kg3 Kd7 51. Rxh3 Rxh3+ 52. Kxh3 Kc6 53.
Kg3 Kxc5 54. Kf3 Kd4 55. Kg3 Ke3 56. Kh4 Kxf4 0-1

[Event "I Weekend A"]
[Site "Porto Sant'Elpidio ITA"]
[Date "1998.10.??"]
[Round "?"]
[White "Ragnini, Damiano"]
[Black "Fioravanti, Diego"]
[Result "0-1"]
[WhiteElo "1470"]
[BlackElo "1570"]
[PlyCount "56"]
[EventDate "1998.10.17"]

1. e4 e5 2. f4 Bc5 3. Nf3 d6 4. Bc4 Nf6 5. d3 Nc6 6. f5 h6 7. Nc3 Ng4 8. d4
Nxd4 9. Nxd4 exd4 10. Qxg4 dxc3 11. bxc3 Qf6 12. Bd2 Bd7 13. Bb3 a5 14. a4
O-O-O 15. Qe2 Rhe8 16. O-O-O d5 17. Bxd5 Qb6 18. Bb3 Bxa4 19. Qc4 Ba3+ 20. Kb1
Bb5 21. Be3 Qxe3 22. Qxb5 Qxc3 23. Bc4 Rxe4 24. Rxd8+ Kxd8 25. Rd1+ Kc8 26.
Be6+ Kb8 27. Rd8+ Ka7 28. Ka2 Re1 0-1

[Event "I Weekend A"]
[Site "Porto Sant'Elpidio ITA"]
[Date "1998.10.??"]
[Round "?"]
[White "Storani, Giuseppe"]
[Black "Amaranto, Luca"]
[Result "1-0"]
[WhiteElo "1594"]
[BlackElo "1720"]
[PlyCount "39"]
[EventDate "1998.10.17"]

1. e4 c5 2. Nc3 Nc6 3. g3 g6 4. Bg2 Bg7 5. d3 d6 6. f4 e5 7. Nf3 Nge7 8. O-O
O-O 9. Be3 b6 10. Qd2 Be6 11. fxe5 dxe5 12. Ng5 Nd4 13. Nxe6 Nxe6 14. Nd5 Nxd5
15. exd5 Nd4 16. a4 Qd7 17. Rf2 Rac8 18. Bh6 c4 19. Bxg7 Kxg7 20. Qe3 1-0

[Event "Weekend Valverde"]
[Site "Genova ITA"]
[Date "1998.10.??"]
[Round "?"]
[White "Paganetto, Ivano"]
[Black "Rivara, Massimo"]
[Result "0-1"]
[WhiteElo "1687"]
[BlackElo "1705"]
[PlyCount "58"]
[EventDate "1998.10.10"]

1. e4 c5 2. Nf3 d6 3. d4 cxd4 4. Nxd4 Nf6 5. Nc3 a6 6. Be2 e5 7. Nb3 Be7 8. O-O
O-O 9. Be3 Be6 10. f4 Qc7 11. f5 Bc4 12. Bxc4 Qxc4 13. Qf3 Nbd7 14. g4 d5 15.
Nxd5 Nxd5 16. exd5 Nf6 17. g5 Nxd5 18. Nd2 Qc6 19. Ne4 Nxe3 20. Qxe3 f6 21.
gxf6 gxf6 22. Rf2 Kh8 23. h4 Bd8 24. c4 Qxc4 25. Rc1 Qb4 26. a3 Bb6 27. Nc5
Rg8+ 28. Kf1 Qxh4 29. Qb3 Qh1+ 0-1

[Event "XVI Corsicoscacchi A"]
[Site "Corsico ITA"]
[Date "1998.10.03"]
[Round "1"]
[White "Aglietti, Graziano"]
[Black "Castaldo, Folco"]
[Result "0-1"]
[WhiteElo "2055"]
[BlackElo "2180"]
[PlyCount "88"]
[EventDate "1998.10.03"]

1. c4 Nf6 2. Nc3 e6 3. e4 c5 4. Nf3 d6 5. d4 cxd4 6. Nxd4 Be7 7. Be2 O-O 8. O-O
a6 9. Be3 Qc7 10. Rc1 b6 11. f4 Nbd7 12. Bf3 Bb7 13. f5 e5 14. Nd5 Qd8 15. Ne2
Nxd5 16. cxd5 Bg5 17. Qd2 Bxe3+ 18. Qxe3 b5 19. Kh1 Nb6 20. b3 f6 21. g4 Nd7
22. h4 b4 23. g5 Nc5 24. Ng3 Rc8 25. Nh5 Nd7 26. Rg1 Rf7 27. g6 Re7 28. gxh7+
Kh8 29. Ng3 Rxc1 30. Rxc1 Qb6 31. Qe2 Nf8 32. Bh5 Rc7 33. Rg1 Rc3 34. Qg4 Qe3
35. Be8 Rc1 36. Rxc1 Qxc1+ 37. Kh2 Qh6 38. Bg6 Bc8 39. h5 Nd7 40. Kh3 Nc5 41.
Be8 Nd3 42. Kg2 Qd2+ 43. Ne2 Qe3 44. Ng3 Qf2+ 0-1

[Event "XVI Corsicoscacchi A"]
[Site "Corsico ITA"]
[Date "1998.10.03"]
[Round "1"]
[White "Barberi, Alessandro"]
[Black "Bemporad, Filippo"]
[Result "1-0"]
[WhiteElo "2160"]
[BlackElo "2050"]
[PlyCount "75"]
[EventDate "1998.10.03"]

1. d4 d5 2. c4 c6 3. Nc3 Nf6 4. e3 e6 5. Bd3 Nbd7 6. f4 dxc4 7. Bxc4 b5 8. Bd3
a6 9. Qf3 Rb8 10. Nge2 c5 11. O-O Bb7 12. Qh3 cxd4 13. exd4 Bd6 14. a3 O-O 15.
Bd2 Re8 16. g4 Nf8 17. g5 Nd5 18. Ne4 Qb6 19. b4 Rbd8 20. f5 e5 21. f6 Nf4 22.
Bxf4 exf4 23. fxg7 Bxe4 24. gxf8=Q+ Bxf8 25. Rxf4 Rxd4 26. Qe3 Bxd3 27. Qxd4
Qg6 28. Ng3 Bg7 29. Qd7 Qb6+ 30. Kg2 Rd8 31. Qxf7+ Kh8 32. Nh5 Qg6 33. Qxg7+
Qxg7 34. Nxg7 Kxg7 35. Rc1 Bc4 36. Kg3 Rd2 37. Rc3 Rd6 38. Re3 1-0

[Event "XVI Corsicoscacchi A"]
[Site "Corsico ITA"]
[Date "1998.10.03"]
[Round "1"]
[White "Bressanelli, Roberto"]
[Black "Barlocco, Carlo"]
[Result "0-1"]
[WhiteElo "2100"]
[BlackElo "2215"]
[PlyCount "96"]
[EventDate "1998.10.03"]

1. d4 d5 2. Bg5 h6 3. Bh4 c6 4. c3 Qb6 5. Qb3 Bf5 6. e3 Nd7 7. Nf3 e6 8. Nbd2
Ngf6 9. Be2 Bd6 10. Bg3 Bxg3 11. hxg3 O-O 12. Qxb6 axb6 13. O-O b5 14. Rfe1 Nb6
15. Bd1 Ra6 16. Ne5 Rfa8 17. Bb3 Nc4 18. Bxc4 bxc4 19. a3 Rb6 20. Ra2 Ra5 21.
Ndxc4 dxc4 22. Nxc4 Rab5 23. Nxb6 Rxb6 24. b4 Bd3 25. a4 Nd5 26. a5 Ra6 27. Rc1
Bc4 28. Raa1 f5 29. Kh2 Kf7 30. Re1 g5 31. f3 Ra8 32. e4 fxe4 33. fxe4 Nf6 34.
Kh3 Bd3 35. e5 Bf5+ 36. Kh2 Ng4+ 37. Kg1 Bd3 38. Rac1 Kg6 39. Rcd1 Bc4 40. Rd2
Kf5 41. Rb2 h5 42. Rd2 Rh8 43. Rb2 h4 44. gxh4 gxh4 45. Rd2 h3 46. gxh3 Rxh3
47. Rc1 Bd5 48. Rf1+ Kg5 0-1

[Event "XVI Corsicoscacchi A"]
[Site "Corsico ITA"]
[Date "1998.10.03"]
[Round "1"]
[White "Facchetti, Gianni"]
[Black "Pulito, Alberto"]
[Result "0-1"]
[WhiteElo "2120"]
[BlackElo "1774"]
[PlyCount "153"]
[EventDate "1998.10.03"]

1. e4 e6 2. d3 d5 3. Nd2 c5 4. g3 Nc6 5. Bg2 Nf6 6. Ngf3 Be7 7. O-O Qc7 8. a4
b6 9. Re1 Bb7 10. c3 Ba6 11. Qc2 O-O 12. Bf1 Rac8 13. b3 Rfd8 14. Bb2 h6 15.
Rac1 Qb7 16. Qb1 Rc7 17. e5 Nd7 18. Bg2 Qb8 19. Re2 Rcc8 20. Rce1 Nf8 21. h4
Nd7 22. c4 Nb4 23. Bc3 Bb7 24. Nh2 Nf8 25. Bxb4 cxb4 26. Ndf1 dxc4 27. dxc4
Bxg2 28. Kxg2 Qb7+ 29. Kg1 Rc7 30. Rd1 Rcd7 31. Red2 Qc6 32. Rxd7 Rxd7 33. Rd2
Bc5 34. Qe1 Rxd2 35. Nxd2 Qd7 36. Qe2 Ng6 37. Kg2 Nxe5 38. Qxe5 Qxd2 39. Qf4
Qxf4 40. gxf4 Kf8 41. h5 Ke7 42. Ng4 f6 43. Kf3 Kd6 44. Ke2 Bd4 45. Kd3 Bc3 46.
Ne3 f5 47. Ke2 Ke7 48. Ng2 Bf6 49. Kf3 Kf7 50. Ne1 a5 51. Nd3 Bd4 52. Kg3 Kf6
53. Kh4 e5 54. fxe5+ Bxe5 55. f4 Bd6 56. Kg3 g6 57. hxg6 Kxg6 58. Kf3 Kf6 59.
Kg3 Be7 60. Kh4 Kg6+ 61. Kg3 Kf7 62. Kf3 Ke6 63. Ke3 h5 64. Kf3 h4 65. Kg2 Kf6
66. Kf3 Bd6 67. Nf2 Be7 68. Nh3 Ke6 69. Nf2 Kd6 70. Nd3 Bf6 71. Kg2 Be7 72. Kf3
Ke6 73. Nf2 Kf6 74. Nh3 Bc5 75. Ng5 Ke7 76. Nh3 Kd6 77. Ke2 0-1

[Event "XVI Corsicoscacchi A"]
[Site "Corsico ITA"]
[Date "1998.10.03"]
[Round "1"]
[White "Mascheroni, Maurizio"]
[Black "Braunberger, Federico"]
[Result "1/2-1/2"]
[WhiteElo "2025"]
[BlackElo "2135"]
[PlyCount "81"]
[EventDate "1998.10.03"]

1. e4 e6 2. d4 d5 3. Nd2 a6 4. c3 c5 5. exd5 exd5 6. Ngf3 cxd4 7. Nxd4 Nf6 8.
Bd3 Bd6 9. Qe2+ Be7 10. N2f3 O-O 11. O-O Nc6 12. Bg5 h6 13. Bh4 Re8 14. Qc2
Nxd4 15. Nxd4 Ne4 16. Bxe7 Rxe7 17. Rfe1 Nc5 18. Bf5 Ne6 19. Nf3 g6 20. Bh3 Qd6
21. Rad1 Nc7 22. Rxe7 Qxe7 23. Re1 Qf6 24. Bxc8 Rxc8 25. Qd2 Kg7 26. Qd4 Rd8
27. Qb4 b5 28. Nd4 Ne6 29. Nxe6+ fxe6 30. Qa5 Rf8 31. Re2 Qf5 32. f3 d4 33.
cxd4 Rc8 34. Qe1 Qd5 35. Qb4 Rc7 36. a3 Rc1+ 37. Kf2 Qg5 38. g3 Rc6 39. d5 Qxd5
40. Qe7+ Kg8 41. Qe8+ 1/2-1/2

[Event "XVI Corsicoscacchi A"]
[Site "Corsico ITA"]
[Date "1998.10.03"]
[Round "1"]
[White "Mazzini, Antonio"]
[Black "Marcoli, Paolo"]
[Result "0-1"]
[WhiteElo "1912"]
[BlackElo "2130"]
[PlyCount "78"]
[EventDate "1998.10.03"]

1. Nf3 Nf6 2. d4 g6 3. c4 Bg7 4. b4 d6 5. Bb2 O-O 6. e3 Nfd7 7. Be2 e5 8. Qc2
Qe7 9. Nc3 c6 10. O-O f5 11. dxe5 dxe5 12. c5 e4 13. Nd2 Ne5 14. Nc4 Nxc4 15.
Bxc4+ Be6 16. Na4 Bxc4 17. Bxg7 Kxg7 18. Qxc4 Nd7 19. Rfd1 Ne5 20. Qc3 Rad8 21.
Nb2 Qf6 22. Rd4 Rd5 23. Rad1 Rfd8 24. Kf1 Nf7 25. Qc4 f4 26. Rxd5 fxe3 27. Qd4
Rxd5 28. Qxf6+ Kxf6 29. Rxd5 cxd5 30. fxe3 Ke5 31. b5 Nd8 32. Ke2 d4 33. exd4+
Kxd4 34. Na4 Kc4 35. c6 bxc6 36. bxc6 Nxc6 37. Ke3 Nb4 38. Kxe4 Nxa2 39. g4
Nc3+ 0-1

[Event "XVI Corsicoscacchi A"]
[Site "Corsico ITA"]
[Date "1998.10.03"]
[Round "1"]
[White "Mieli, Marcello"]
[Black "Drabke, Lorenz Maximilian"]
[Result "0-1"]
[WhiteElo "1795"]
[BlackElo "1906"]
[PlyCount "68"]
[EventDate "1998.10.03"]

1. d4 Nf6 2. Nf3 e6 3. Bg5 h6 4. Bh4 c5 5. e3 b6 6. Nbd2 Bb7 7. c3 d6 8. Bd3
Nbd7 9. Qe2 Be7 10. O-O O-O 11. e4 Qc7 12. Rfe1 a6 13. a4 Rfe8 14. h3 Nh5 15.
Bxe7 Rxe7 16. g3 Nhf6 17. Nc4 Nxe4 18. Bxe4 d5 19. Bxd5 Bxd5 20. Ne3 Bb7 21.
Red1 Qc6 22. Kg2 cxd4 23. cxd4 Nf6 24. a5 Qxf3+ 25. Qxf3 Bxf3+ 26. Kxf3 Rb7 27.
d5 exd5 28. Nxd5 Nxd5 29. Rxd5 Rc8 30. Ra2 Rc2 31. axb6 Rxb6 32. Rda5 Rf6+ 33.
Kg4 Rfxf2 34. Rxa6 Rc4+ 0-1

[Event "XVI Corsicoscacchi A"]
[Site "Corsico ITA"]
[Date "1998.10.03"]
[Round "1"]
[White "Valenti, Giuseppe"]
[Black "Gabetto, Flaviano"]
[Result "1-0"]
[WhiteElo "2200"]
[BlackElo "2065"]
[PlyCount "52"]
[EventDate "1998.10.03"]

1. e4 e5 2. Nf3 Nc6 3. Bb5 Bc5 4. O-O Qf6 5. c3 h6 6. d4 Bb6 7. Bxc6 dxc6 8.
Nxe5 Be6 9. Be3 O-O-O 10. Nd2 a6 11. f4 g6 12. Qf3 Qe7 13. Ndc4 Ba7 14. Na5 Qe8
15. d5 cxd5 16. Bxa7 dxe4 17. Qxe4 Bd5 18. Qb4 b5 19. c4 Ba8 20. cxb5 axb5 21.
Rac1 Ne7 22. Qc5 Nd5 23. Rfd1 Rh7 24. Rxd5 f6 25. Rxd8+ Kxd8 26. Nac6+ Bxc6 1-0

[Event "XVI Corsicoscacchi A"]
[Site "Corsico ITA"]
[Date "1998.10.03"]
[Round "1"]
[White "Vita, Fabrizio"]
[Black "Bonazzi, Edoardo"]
[Result "1-0"]
[WhiteElo "2135"]
[BlackElo "1933"]
[PlyCount "69"]
[EventDate "1998.10.03"]

1. c4 Nf6 2. g3 e6 3. Bg2 d5 4. Nf3 Be7 5. d4 O-O 6. O-O dxc4 7. Ne5 Nc6 8.
Nxc6 bxc6 9. Nc3 Nd5 10. Qa4 Nb6 11. Qxc6 Rb8 12. Qb5 Bb7 13. Bxb7 Rxb7 14. a4
Qb8 15. a5 Nd5 16. Qxc4 Rd8 17. Nxd5 Rxd5 18. Ra4 Bf6 19. e3 Rb3 20. Qc6 Rd6
21. Qc2 e5 22. Rc4 Rd7 23. d5 Rb5 24. d6 Rxd6 25. Rxc7 Rd8 26. Qc4 Rf8 27. Rd1
Rb4 28. Qc6 e4 29. Rdd7 Bxb2 30. Bxb2 Rxb2 31. Qxe4 Rb1+ 32. Kg2 Qb5 33. Qc4
Qxc4 34. Rxc4 Rb5 35. Rxa7 1-0

[Event "XVI Corsicoscacchi A"]
[Site "Corsico ITA"]
[Date "1998.10.04"]
[Round "2"]
[White "Barlocco, Carlo"]
[Black "Vita, Fabrizio"]
[Result "1-0"]
[WhiteElo "2215"]
[BlackElo "2135"]
[PlyCount "63"]
[EventDate "1998.10.03"]

1. d4 Nf6 2. Nf3 g6 3. Bf4 Bg7 4. e3 O-O 5. Be2 d5 6. c4 c5 7. Nc3 Nc6 8. O-O
cxd4 9. exd4 dxc4 10. Bxc4 Bg4 11. d5 Na5 12. Be2 Rc8 13. Re1 Nc4 14. Qb3 Nxb2
15. Rab1 Bxf3 16. gxf3 Rxc3 17. Qxc3 Nxd5 18. Qc1 Qd7 19. Bh6 Rc8 20. Qg5 Bf6
21. Qg4 e6 22. Bf1 b5 23. Rec1 b4 24. Rxc8+ Qxc8 25. Rc1 Bc3 26. Qd4 f6 27.
Qxa7 Nc7 28. a3 g5 29. axb4 Be5 30. b5 Kf7 31. b6 Kg6 32. b7 1-0

[Event "XVI Corsicoscacchi A"]
[Site "Corsico ITA"]
[Date "1998.10.04"]
[Round "2"]
[White "Bemporad, Filippo"]
[Black "Facchetti, Gianni"]
[Result "1/2-1/2"]
[WhiteElo "2050"]
[BlackElo "2120"]
[PlyCount "147"]
[EventDate "1998.10.03"]

1. d4 Nf6 2. Nf3 d6 3. c4 Nbd7 4. g3 e5 5. Bg2 Be7 6. Nc3 c6 7. O-O Qc7 8. b3
Nf8 9. Bb2 Ng6 10. e3 h5 11. h3 h4 12. g4 Bd7 13. Nd2 exd4 14. exd4 O-O-O 15.
f4 d5 16. Qf3 dxc4 17. Nxc4 Bb4 18. Ne5 Bxc3 19. Qxc3 Be8 20. Rac1 Nd5 21. Qd2
f6 22. Nd3 Bf7 23. f5 Nge7 24. Rfe1 g6 25. fxg6 Nxg6 26. Rf1 Qd6 27. Rce1 Rde8
28. Bc1 Rxe1 29. Qxe1 Re8 30. Qf2 b6 31. Nf4 Ngxf4 32. Bxf4 Qb4 33. Bh2 Kb7 34.
Bf4 Qb5 35. Bc1 Qd3 36. Qd2 Qb5 37. Re1 Rxe1+ 38. Qxe1 Qd3 39. Qd2 Qg3 40. Qf2
Qd6 41. Bd2 Qa3 42. Qf5 Qe7 43. Kf2 Be6 44. Qe4 Qd7 45. Qf3 f5 46. g5 Qg7 47.
Qd3 Ne7 48. Bf4 Bd5 49. Qe3 Bxg2 50. Kxg2 Ng6 51. Kf3 Qd7 52. Kf2 Qd5 53. Kg1
a5 54. Be5 c5 55. Bf6 cxd4 56. Qxd4 Qxd4+ 57. Bxd4 b5 58. Kf2 a4 59. Ke3 axb3
60. axb3 Kc6 61. Ba7 Kd5 62. Kf3 Ke5 63. Ke3 f4+ 64. Kf3 Kf5 65. Bb8 Kxg5 66.
Ke4 f3 67. Kxf3 Kf5 68. Bc7 Nf8 69. Bd8 Ne6 70. Bxh4 Nd4+ 71. Ke3 Nxb3 72. Kd3
Na5 73. Kc3 Nc6 74. Bg3 1/2-1/2